Elástico de sombra /

সংরক্ষণ করুন:
গ্রন্থ-পঞ্জীর বিবরন
প্রধান লেখক: Cárdenas, Juan (autor)
বিন্যাস: গ্রন্থ
ভাষা:স্প্যানিশ
প্রকাশিত: Madrid, España : Sexto Piso, 2019, c2019
মালা:(Narrativa Sexto Piso)
বিষয়গুলি:
ট্যাগগুলো: ট্যাগ যুক্ত করুন
কোনো ট্যাগ নেই, প্রথমজন হিসাবে ট্যাগ করুন!

MARC

LEADER 00000nam^a2200000^a^4500
001 000438708
005 20250521000000.0
009 20260310123252.283
020 |a 978-84-17517-52-6 
037 |a Acervo ITESO - Biblioteca 
041 |a ESP 
082 |a 863.  |b CAR 
100 |a Cárdenas, Juan  |e (autor) 
245 1 0 |a Elástico de sombra /  |c J. Cárdenas. 
264 4 |a Madrid, España :  |b Sexto Piso,  |c 2019, c2019 
300 |a 110 p. 
336 |a texto  |b txt  |2 rdacontenido 
337 |a sin mediación  |b n  |2 rdamedio 
338 |a volumen  |b nc  |2 rdasoporte 
440 1 |a (Narrativa Sexto Piso) 
521 |a FIL 2021 DIA 
649 |a XX 
650 |a Novela Colombiana 
650 |a Literatura Colombiana -  |y Siglo XXI 
650 |a Esgrima en la Literatura 
650 |a Artes Marciales en la Literatura 
650 |a Cauca, Colombia en la Literatura 
650 |a Colombia en la Literatura 
910 |a Fondo General 
920 |a Impresos - Libros 
930 |a Colección General 
940 |a Literatura 
905 |a 101 
901 |a 0500363877  |b IT1  |c LIT  |i C176845  |u 20250521 
902 |a https://opac.biblio.iteso.mx/vufind/Record/000438708